000 00709nam a22001937a 4500
005 20241118121725.0
010 _aENG-142583
020 _c960.00
_a9789390746354
035 _aEN-126115
037 _bDBAD
082 _a966.26
_21
100 _aIsaac, Nwobi Obiora
_973982
245 _aThe Nigeria-Biafra War, OAU and the Politics of Diplomatic Recognition of Biafra, 1967 – 1970/
_cby Nwobi Obiora Isaac
260 _aKolkata
_bExceller Books
_c2021
270 _aG1 Dream Apartment, Degree College Road
_b Belgharia,Kolkata
300 _a246p.
_c22cm(pb)
500 _aThe Politics of Biafra Diplomatic Recognition During The Nigeria Civil War
942 _2ddc
_cEN
_mNWO
_h966.26
999 _c207004
_d207004